| 000 | 01128cam a2200301 a 4500 | ||
|---|---|---|---|
| 001 | 15372142 | ||
| 003 | OSt | ||
| 005 | 20220907082646.0 | ||
| 008 | 080718s2007 nyua b 001 0 eng d | ||
| 010 | _a 2008299726 | ||
| 020 | _a9780970827692 | ||
| 020 | _a0970827695 | ||
| 040 |
_aDLC _cDLC _dDLC |
||
| 050 | 0 | 0 |
_aHD69.P75 _bP58 2007 |
| 082 | 0 | 0 |
_a658.4/04 _222 |
| 100 | 1 | _aPitagorsky, George. | |
| 245 | 1 | 4 |
_aThe Zen approach to project management : _bworking from your center to balance expectations and performance / _cGeorge Pitagorsky. |
| 260 |
_aNew York : _bInternational Institute for Learning, Inc. , _cc2007. |
||
| 300 |
_a272 p. : _bill. ; _c23 cm. |
||
| 504 | _aIncludes bibliographical references (p. [262]-266) and index. | ||
| 650 | 0 |
_aProject management _xPsychological aspects. |
|
| 650 | 0 | _aProject management. | |
| 650 | 0 |
_aTeams in the workplace _xManagement. |
|
| 650 | 0 |
_aManagement _xReligious aspects _xZen Buddhism. |
|
| 906 |
_a7 _bcbc _corigres _d2 _encip _f20 _gy-gencatlg |
||
| 942 |
_2lcc _cGEN |
||
| 999 |
_c18235 _d18235 |
||